000 00584nam a2200229Ia 4500
003 0100
008 130307s9999 xx 000 0 und d
040 _cARRUPELIB
050 _aJQ2951.A99B847 2002
100 _aReid, Richard J
245 _aPolitical power in Pre-colonial Buganda
245 _beconomy, society & warfare in the nineteenth century
260 _aOxford
260 _bJames Curey
260 _c2002
300 _a274p.
300 _b23 cm.
440 _aEast African studies
650 _aPOLITICAL SCIENCE
650 _bJesuits--Brothers
942 0 0 _01
999 _c99850
_d99850